Biblioteca

La igualdad de género, el budismo y la sociedad coreana (Registro nro. 69441)

Detalles MARC
000 -LÍDER
Campo fijo de descripción fija 00920nab a2200205 i 4500
001 - NÚMERO DE CONTROL
Campo de control 768714001
003 - IDENTIFICADOR DEL NÚMERO DE CONTROL
Campo de control CO-MdFUSB
005 - FECHA Y HORA DE LA ULTIMA TRANSACCIÓN
control field 20240430105308.0
008 - ELEMENTOS DE LONGITUD FIJA -- INFORMACIÓN GENERAL
Campo fijo de descripción fija -- Información general 240430t2006 sp ||||| |||| 00| 0 spa d
040 ## - FUENTE DE CATALOGACIÓN
Idioma de catalogación spa
Agencia que realiza la transcripción CO-MdFUSB
Agencia que realiza la modificación CO-MdFUSB
041 ## - CÓDIGO DE IDIOMA
Código de idioma para texto/pista de sonido o título separado spa
100 ## - ASIENTO PRINCIPAL--NOMBRE PERSONAL
Nombre personal Kim, Young-Mi,
Término relacionador autor
245 ## - TÍTULO
Título La igualdad de género, el budismo y la sociedad coreana
Mención de responsabilidad / Young-Mi Kim
520 ## - NOTA DE RESUMEN, ETC.
Nota de sumario, etc. Este artículo expone como se introdujo el budismo en Corea, además refleja la vida de la mujer en la sociedad coreana y en el budismo. En especial menciona la vida y el estatus de una monja budista.
650 #0 - ASIENTO SECUNDARIO DE MATERIA - TERMINO TEMÁTICO
Término temático o nombre geográfico como elemento de entrada Cristianismo y otras religiones
Subdivisión general Budismo
9 (RLIN) 960
650 #7 - ASIENTO SECUNDARIO DE MATERIA - TERMINO TEMÁTICO
Término temático o nombre geográfico como elemento de entrada Religiones
9 (RLIN) 386
650 #7 - ASIENTO SECUNDARIO DE MATERIA - TERMINO TEMÁTICO
Término temático o nombre geográfico como elemento de entrada Feminismo
9 (RLIN) 451
773 0# - ASIENTO DE ITEM FUENTE
Biblionumber 49450
Itemnumber 60404
Otro identificador del ítem R0342
Título Revista internacional de teología Concilium
Número de control del registro (CO-MdFUSB)8
Número Internacional Normalizado para Publicaciones Seriadas (ISSN) 0210-1041
Parte(s) relacionada(s) / Volumen., número. (mes año), páginas Número 316, (junio, 2006), páginas: 125 - 136, 461 - 472
Enumeración y primera página página: 125, 461
942 ## - TIPO DE MATERIAL (KOHA)
Tipo de Item KOHA Artículos de Revista

No hay ítems disponibles.

Biblioteca FUSBC | Teléfono: (57+4) 349 88 10 Ext. 141| WhatsApp (+57) 3005338115 
E-mail: biblioteca@unisbc.edu.co | Calle 76 87-14 Robledo Palenque, Medellín, Colombia

Con tecnología Koha